| 000 | 00356nam a2200145Ia 4500 | ||
|---|---|---|---|
| 005 | 20251222153647.0 | ||
| 008 | 251222s9999||||xx |||||||||||||| ||spa|| | ||
| 020 | _a978019282567 | ||
| 082 | _a420/B83 | ||
| 100 | _a Brinsley Sheridan, Richard | ||
| 245 | 4 | _aThe Rivals the Duenna | |
| 250 | _a1ra .ed | ||
| 264 | _bOXFORD University Press | ||
| 942 | _cLIB | ||
| 999 |
_c32948 _d32948 |
||